000 00716nas a2200241 4500
001 BR7302256
003 BR-BrBNA
005 20231205082425.0
007 ta
008 230509b bl.|||p| |||| 00| 00por d
040 _aBR-BrBNA
_bpor
_cBiblioteca Nacional de Agricultura
041 _a(Pt)
072 _aF60
100 1 _aMelhem, T.S.
245 1 _aFisiologia da germinacao das sementes de Dipteryx alata Vog. (Leguminosae-Lotoideae)
650 _aFISIOLOGIA VEGETAL
650 _aGERMINACAO
650 _aSEMENTE
650 _aLEGUMINOSA FORRAGEIRA
773 0 _tHoehnea (Brazil)
_xISSN 0073-0912
_g(Dec 1975), v. 5 p. 59-90
_wBR7302256
909 _a202311
_bLúcia
_c55
_dLúcia Elande
942 _2AGRIS
_n0
_cANA
999 _c91670
_d91670